00329 a2200121 4500003000400000005001700004008004100021020001800062040000800080245002100088260000900109773008900118OSt20241126160300.0241126b |||||||| |||| 00| 0 eng d a9781292334691 ctbs aTwelfth edition. c20220 aAtrill, Peter.tAccounting and finance for non-specialists w22073474z9781292334691